عرض عادي عرض مارك
  • داود، رامي محمد عبود، 1978- مؤلف.

مدخل إسم شخص

عدد التسجيلات المستخدمة في: 1

001 - رقم الضبط

  • حقل الضبط: 105722

003 - معرف رقم الضبط

  • حقل الضبط: OSt

005 - تاريخ ووقت أخر عملية

  • حقل الضبط: 20221004162119.0

008 - عناصر بيانات ثابتة الطول

  • حقل تحكم ثابت الطول: 221004|| aca||aabn | a|a d

040 ## - مصدر الفهرسة

  • هيئة الفهرسة الأصلية: OSt
  • وكالة الكتابة: OSt

100 ## - مدخل -- أسم شخص

  • إسم شخص: داود، رامي محمد عبود، 1978- مؤلف.

670 ## - بيانات المصدر موجوده

  • الاستشهاد بالمصدر: Work cat.: (OSt): داود، رامي محمد عبود، 1978- مؤلف., نحو استراتيجية عربية لصناعة المحتوى الرقمي = , 2013.